000 00431nam a2200181Ia 4500
001 19454
003 IN-NITTTR
005 20251114233224.0
008 251113s9999||||xx |||||||||||||| ||eng||
040 _beng
040 _cIN-NITTTR
041 _aeng
082 _a516.36. M58D
100 _aMittal, S. C.
245 0 _aDifferential geometry /
_cMittal, S. C., Agarwal, D. C.
700 _a Agarwal, D. C.
942 _2ddc
_cBK
999 _c22088
_d22088